Gujarat State Gazetteers Surat District (Record no. 1444031)

MARC details
000 -LEADER
fixed length control field 00448nam a2200181Ia 4500
005 - DATE AND TIME OF LATEST TRANSACTION
control field 20250923144836.0
008 - FIXED-LENGTH DATA ELEMENTS--GENERAL INFORMATION
fixed length control field 008 250917s9999 xx 000 0 eng d
037 ## - SOURCE OF ACQUISITION
Stock number Textual
040 ## - CATALOGING SOURCE
Original cataloging agency DSWL
Language of cataloging eng
Transcribing agency DSWL
041 ## - LANGUAGE CODE
Language code of text/sound track or separate title eng
Source of code eng
084 ## - COLON CLASSIFICATION NUMBER
Assigning agency DSWL
245 #0 - TITLE STATEMENT
Title Gujarat State Gazetteers Surat District
260 ## - PUBLICATION, DISTRIBUTION, ETC.
Place of publication, distribution, etc. Ahmedabad
Name of publisher, distributor, etc. Govt.of India
Date of publication, distribution, etc. 1962
365 ## - TRADE PRICE
Price type code INR
Price amount 16
925 ## -
-- 16
942 ## - ADDED ENTRY ELEMENTS (KOHA)
Koha item type Textual
Holdings
Withdrawn status Lost status Damaged status Not for loan Home library Current library Date acquired Total Checkouts Barcode Date last seen Price effective from Koha item type
        Department of Social Work Library Department of Social Work Library 2025-09-23   SW0008600 2025-09-23 2025-09-23 Textual
Copyright @ Delhi University Library System